Sách tra cứu về sức cản thuỷ lực:T.2 /

সংরক্ষণ করুন:
গ্রন্থ-পঞ্জীর বিবরন
প্রধান লেখক: E.Iđeltric I
অন্যান্য লেখক: Nguyễn Tài (Tác giả)
বিন্যাস: গ্রন্থ
ভাষা:Vietnamese
প্রকাশিত: H. : Khoa học và kỹ thuật , 1987
সংস্করন:In lần thứ 1
বিষয়গুলি:
ট্যাগগুলো: ট্যাগ যুক্ত করুন
কোনো ট্যাগ নেই, প্রথমজন হিসাবে ট্যাগ করুন!
Thư viện lưu trữ: Thư viện Trường CĐ Kỹ Thuật Cao Thắng
LEADER 00758nam a2200229 a 4500
001 TVCDKTCT793
003 Thư viện trường Cao đẳng Kỹ thuật Cao Thắng
005 20050804000000
008 050804
980 \ \ |a Thư viện Trường CĐ Kỹ Thuật Cao Thắng 
024 |a RG_1 #1 eb0 i1 
041 0 # |a vie 
082 # # |a 621.2 /   |b NG527T-S 
100 1 # |a E.Iđeltric I 
245 0 0 |a Sách tra cứu về sức cản thuỷ lực:T.2 /  |c E.Iđeltric I, Nguyễn Tài 
250 # # |a In lần thứ 1 
260 # # |a H. :  |b Khoa học và kỹ thuật ,  |c 1987 
300 # # |a 199tr. ;  |c 27cm 
650 # 4 |a Thủy lực 
650 # 4 |a Máy thủy lực 
650 # 4 |a Sức cản 
700 0 # |a Nguyễn Tài,   |e Tác giả